000 00804cab a2200253 4500
001 ABS59912
008 090401t1999 xxu||||| |||| 00| 0 eng d
035 _a(Sirsi) u90606
041 _aeng
100 _aBennett, C.
245 _aDesign by emission
260 _c1999
350 _a0
490 _aContract Journal
_v396(6207) 6 January 1999, 16-17(2)
520 _aDiscussion with Nick Raynsford focusing on the review of Part L of the Building Regulations which is likely to affect existing stock, planning and building usage.
650 _aBUILDING INDUSTRY
650 _aBUILDING REGULATIONS PART L
650 _aCARBON DIOXIDE EMISSIONS
650 _aENERGY EFFICIENCY
650 _aKYOTO
690 _aBUILDING AND CONSTRUCTION-REGULATIONS
942 _n0
948 _c08/01/1999
999 _c57458
_d57458